01050nam a22002417i 4500003000400000005001700004008004100021020003800062040002500100082001600125100003500141245009700176264004300273300002300316336002100339337002500360338002300385500004000408520025500448650004200703650003600745650002700781OSt20200302121641.0200302s2017 enk g 001 0 eng d a9781780664453cRM71.95qpaperback aPPAKbengcPPAKerda04223a599.9381 aOdent, Michel,d1930-eauthor.10aThe Birth of Homo, the Marine Chimpanzee :bWhen the tool becomes the master /cMichel Odent 1aLondon : bPinter & Martin Ltd, c2017 a144 pages :c22 cm 2rdacontentatext 2rdamediaaunmediated 2rdacarrieravolume aIncludes index and references pages aIn his latest wide-ranging survey of current scientific thinking, revolutionary thinker and birth pioneer Michel Odent proposes that we view the genus Homo as a `marine chimpanzee', with consequences for every area of human development and experience10aHuman beings vOrigin xPopular works20aHuman evolution vPopular works20aHuman beings -vOrigin